|
|
|
|
| LEADER |
00965nab a2200277 i 4500 |
| 001 |
publ7295 |
| 005 |
20210802130551.0 |
| 008 |
160721s2013 hu o 0|| zxx d |
| 022 |
|
|
|a 0960-8524
|
| 024 |
7 |
|
|a 10.1016/j.biortech.2012.12.134
|2 doi
|
| 024 |
7 |
|
|a 2173221
|2 mtmt
|
| 040 |
|
|
|a SZTE Publicatio Repozitórium
|b hun
|
| 041 |
|
|
|a zxx
|
| 100 |
1 |
|
|a Ács Norbert
|
| 245 |
1 |
0 |
|a Changes in the Archaea microbial community when the biogas fermenters are fed with protein-rich substrates
|h [elektronikus dokumentum] /
|c Ács Norbert
|
| 260 |
|
|
|c 2013
|
| 300 |
|
|
|a 121-127
|
| 490 |
0 |
|
|a BIORESOURCE TECHNOLOGY
|v 131
|
| 700 |
0 |
1 |
|a Kovács Etelka
|e aut
|
| 700 |
0 |
1 |
|a Wirth Roland
|e aut
|
| 700 |
0 |
1 |
|a Bagi Zoltán
|e aut
|
| 700 |
0 |
1 |
|a Strang Orsolya
|e aut
|
| 700 |
0 |
1 |
|a Herbel Zsófia
|e aut
|
| 700 |
0 |
1 |
|a Rákhely Gábor
|e aut
|
| 700 |
0 |
1 |
|a Kovács Kornél Lajos
|e aut
|
| 856 |
4 |
0 |
|u http://publicatio.bibl.u-szeged.hu/7295/1/2013_bioresource_technology_acs.pdf
|z Dokumentum-elérés
|